MARC details
| 000 -CABECERA |
| campo de control de longitud fija |
03173nam a2200385 a 4500 |
| 003 - IDENTIFICADOR DEL NÚMERO DE CONTROL |
| campo de control |
CHAP |
| 005 - FECHA Y HORA DE LA ÚLTIMA TRANSACCIÓN |
| campo de control |
20230426133829.0 |
| 007 - CAMPO FIJO DE DESCRIPCIÓN FÍSICA--INFORMACIÓN GENERAL |
| campo de control de longitud fija |
ta |
| 008 - DATOS DE LONGITUD FIJA--INFORMACIÓN GENERAL |
| campo de control de longitud fija |
230426s2019 ck o|||fr|||| 001 0 spa d |
| 020 ## - NÚMERO INTERNACIONAL ESTÁNDAR DEL LIBRO |
| Número Internacional Estándar del Libro |
978-958-8214-72-6 |
| 040 ## - FUENTE DE LA CATALOGACIÓN |
| Centro catalogador/agencia de origen |
mxchpua |
| Centro/agencia transcriptor |
CHAP |
| Normas de descripción |
rda |
| 050 10 - SIGNATURA TOPOGRÁFICA DE LA BIBLIOTECA DEL CONGRESO |
| Número de clasificación |
SB379.A9 |
| Número de documento/Ítem |
.D53 2019 |
| 082 00 - NÚMERO DE LA CLASIFICACIÓN DECIMAL DEWEY |
| Número de clasificación |
634.653 |
| Número de documento/Ítem |
D53 2019 |
| Número de edición |
20 |
| 100 1# - ENTRADA PRINCIPAL--NOMBRE DE PERSONA |
| 9 (RLIN) |
186830 |
| Nombre de persona |
Díaz Serna, Diana Alexandra |
| Término indicativo de función/relación |
autora |
| 245 10 - MENCIÓN DE TÍTULO |
| Título |
Manual técnico del cultivo del aguacate / |
| Mención de responsabilidad, etc. |
Diana Alexandra Díaz Serna y Billy Arango Cifuentes |
| 250 ## - MENCIÓN DE EDICIÓN |
| Mención de edición |
1a edición |
| 264 ## - PRODUCCIÓN, PUBLICACIÓN, DISTRIBUCIÓN, FABRICACIÓN Y COPYRIGHT |
| Producción, publicación, distribución, fabricación y copyright |
Colombia : |
| Nombre del de productor, editor, distribuidor, fabricante |
APROARE SAT : Instituto Colombiano Agropecuario, |
| Fecha de producción, publicación, distribución, fabricación o copyright |
2019 |
| 300 ## - DESCRIPCIÓN FÍSICA |
| Extensión |
47 páginas : |
| Otras características físicas |
ilustraciones, tablas, diagramas y fotos |
| 336 ## - TIPO DE CONTENIDO |
| Fuente |
rdacontent |
| Término de tipo de contenido |
texto |
| Código de tipo de contenido |
txt |
| 337 ## - TIPO DE MEDIO |
| Fuente |
rdamedia |
| Nombre/término del tipo de medio |
sin medio |
| Código del tipo de medio |
n |
| 338 ## - TIPO DE SOPORTE |
| Fuente |
rdacarrier |
| Nombre/término del tipo de soporte |
volumen |
| Código del tipo de soporte |
nc |
| 520 2# - SUMARIO, ETC. |
| Sumario, etc. |
El tiempo que se avecina representa un periodo crucial para el sector Aguacatero, donde el diseño de mecanismos eficientes y estrategias competitivas en términos de producción, mercado y asociatividad, representarán la sostenibilidad y crecimiento del sector. Las instituciones de investigación, en especial las locales, le están creyendo al Aguacate, como lo evidencia la cantidad de proyectos que se vienen desarrollando alrededor del tema un par de años atrás, muchos de los cuales están en etapa de investigación y que para este año estarán arrojando sus resultados; importantísimos para identificar y desarrollar estrategias propias de manejo, acentuadas a las condiciones particulares de la región. El mercado del Aguacate día a día crece; dado un consumo percapita mundial creciente, originado por las bondades nutricionales del producto y por un mayor conocimiento de la fruta. Los cultivos Colombia de variedades mejoradas crecen exponencialmente, lo cual es muy alentador, pues afuera hay un mercado internacional sediento de alimentos frescos, funcionales y sabrosos, como el aguacate, dichos mercados demandan volumen de oferta, calidad del producto, oportunidad, regularidad en la entrega y suministro y negociaciones claras; el año venidero se hará la primera exportación real y representativa de aguacate colombiano hacia el exterior y será la manera, de medir el termómetro, en cuanto a cómo se están perfilando en el escenario internacional, teniendo en cuenta que son uno de los productos principales. Nota: contiene imágenes y fotografías a color. Impreso en papel esmaltado. |
| 650 13 - PUNTO DE ACCESO ADICIONAL DE MATERIA--TÉRMINO DE MATERIA |
| 9 (RLIN) |
2490 |
| Término de materia o nombre geográfico como elemento de entrada |
Aguacate |
| 650 13 - PUNTO DE ACCESO ADICIONAL DE MATERIA--TÉRMINO DE MATERIA |
| 9 (RLIN) |
2490 |
| Término de materia o nombre geográfico como elemento de entrada |
Aguacate |
| Subdivisión general |
Enfermedades fungales de las plantas |
| Subdivisión de forma |
Manuales |
| 650 13 - PUNTO DE ACCESO ADICIONAL DE MATERIA--TÉRMINO DE MATERIA |
| 9 (RLIN) |
2490 |
| Término de materia o nombre geográfico como elemento de entrada |
Aguacate |
| Subdivisión general |
Enfermedades de los frutos |
| -- |
|
| Subdivisión de forma |
Manuales |
| 650 13 - PUNTO DE ACCESO ADICIONAL DE MATERIA--TÉRMINO DE MATERIA |
| 9 (RLIN) |
2490 |
| Término de materia o nombre geográfico como elemento de entrada |
Aguacate |
| Subdivisión general |
Variedades |
| Subdivisión de forma |
Manuales |
| 650 13 - PUNTO DE ACCESO ADICIONAL DE MATERIA--TÉRMINO DE MATERIA |
| 9 (RLIN) |
157374 |
| Término de materia o nombre geográfico como elemento de entrada |
Cultivos tropicales y subtropicales |
| Subdivisión de forma |
Manuales |
| 650 13 - PUNTO DE ACCESO ADICIONAL DE MATERIA--TÉRMINO DE MATERIA |
| 9 (RLIN) |
148887 |
| Término de materia o nombre geográfico como elemento de entrada |
Avocados |
| 650 13 - PUNTO DE ACCESO ADICIONAL DE MATERIA--TÉRMINO DE MATERIA |
| 9 (RLIN) |
148887 |
| Término de materia o nombre geográfico como elemento de entrada |
Avocados |
| Subdivisión general |
Fungal diseases of plants |
| Subdivisión de forma |
Handbooks, manuals, etc. |
| 650 13 - PUNTO DE ACCESO ADICIONAL DE MATERIA--TÉRMINO DE MATERIA |
| 9 (RLIN) |
148887 |
| Término de materia o nombre geográfico como elemento de entrada |
Avocados |
| Subdivisión general |
Fruit diseases |
| Subdivisión de forma |
Handbooks, manuals, etc. |
| 650 13 - PUNTO DE ACCESO ADICIONAL DE MATERIA--TÉRMINO DE MATERIA |
| 9 (RLIN) |
148887 |
| Término de materia o nombre geográfico como elemento de entrada |
Avocados |
| Subdivisión general |
Varieties |
| Subdivisión de forma |
Handbooks, manuals, etc. |
| 650 13 - PUNTO DE ACCESO ADICIONAL DE MATERIA--TÉRMINO DE MATERIA |
| 9 (RLIN) |
157375 |
| Término de materia o nombre geográfico como elemento de entrada |
Tropical and subtropical crops |
| Subdivisión de forma |
Handbooks, manuals, etc. |
| 700 1# - PUNTO DE ACCESO ADICIONAL--NOMBRE DE PERSONA |
| 9 (RLIN) |
186831 |
| Nombre de persona |
Arango Cifuentes, Billy |
| Término indicativo de función/relación |
autor |
| 942 ## - ELEMENTOS DE PUNTO DE ACCESO ADICIONAL (KOHA) |
| Fuente del sistema de clasificación o colocación |
Dewey Decimal Classification |
| Tipo de ítem Koha |
|